000 00397cam a2200169 4500
001 D14515
008 090401t1911 xxu||||| |||| 00| 0 eng d
035 _a(Sirsi) u16158
041 _aeng
100 _aWood, Leslie S.
245 4 _aThe rating of woodlands
260 _aLondon
_bThe Country Gentlemens Club
_c1911
350 _a0
520 _aShelf 137
942 _n0
948 _c04/03/1997
999 _c87386
_d87386